000 00850nam a2200205 a 4500
008 100930s2007 ||||||||||||||||| || u
020 _a9780750682640
050 _aLB 2369 Nao
100 _aNaoum, S. G
245 1 0 _aDissertation research and writing for construction students. (2nd ed.)
250 _a2nd ed.
260 _aOxford
_bButterworth-Heinemann
_c2007
300 _axi, 209p.: ill
350 _a35.95
650 0 _aTECHNICAL WRITING
650 _aWRITING
650 0 _aDISSERTATIONS, ACADEMIC
995 _aANNEX COLLECTION (Main Library)
_D0.00
_e741722
_FCBU-MAIN LIBRARY (Kitwe)
_H1
_I0.00
_jLB 2369 Nao
_M1
_UAVAILABLE
_WOct 7, 2010
_y741722
_ZAnnex Low-Usage Collection
995 _aMAIN LIBRARY OPEN ACCESS
_e745930
_FCBU-MAIN LIBRARY (Kitwe)
_I35.95
_jLB 2369 Nao
_M2
_UAVAILABLE
_WJun 27, 2016
_y745930
_ZMain Library Open Access Collection
999 _c63599
_d63599